Annuaire Europeen

Gespeichert in:
Bibliographische Detailangaben
Format: Buch
Sprache:Niederländisch
Veröffentlicht: Le Haye Nijhoff 1981
Tags: Tag hinzufügen
Keine Tags, Fügen Sie das erste Tag hinzu!

MARC

LEADER 00000nam a2200000 4500
001 c128583
005 20260116093117.6
041 0 |a dut 
044 |a NL 
245 1 0 |a Annuaire Europeen 
264 1 |a Le Haye  |b Nijhoff  |c 1981 
300 |a 695 s.